Sports Quiz

Random Sports or NHL Quiz

Minnesota NHL Goalies Quiz Stats

 Plays Quiz not verified by Sporcle

Support Sporcle.
Go Orange.
Score 0/25 Timer 06:00
0 Plays Today
Games Goalie % Correct
270Niklas Backstrom
75.3%
260Manny Fernandez
72.8%
325Jon Casey
60.5%
167Dwayne Roloson
60.5%
83Josh Harding
56.8%
316Don Beaupre
45.7%
39Gary Smith
43.2%
23Jose Theodore
39.5%
420Cesare Maniago
37%
107Lorne 'Gump' Worsley
37%
327Gilles Meloche
34.6%
131Kari Takko
24.7%
65Darcy Wakaluk
21%
Games Goalie % Correct
44Gilles Gilbert
19.8%
26Brian Hayward
18.5%
6Anton Khudobin
18.5%
173Pete LoPresti
17.3%
55Fern Rivard
17.3%
51Gary Edwards
16%
26Roland Melanson
14.8%
38Jamie McLennan
9.9%
33Gary Bauman
9.9%
35Paul Harrison
8.6%
12Jarmo Myllys
8.6%
7Ken Broderick
4.9%

You're not logged in!

Compare scores with friends on all Sporcle quizzes.
OR
Log In

From the Vault

Music Facts

by bowsntoys

You don't have to be a composer to do well on this quiz.
Remove Ads.
Support Sporcle.
Get the best of Sporcle when you Go Orange. This ad-free experience offers more features, more stats, and more fun while also helping to support Sporcle. Thank you for becoming a member.

Show Comments

Extras

Top Quizzes Today


Score Distribution

Your Account Isn't Verified!

In order to create a playlist on Sporcle, you need to verify the email address you used during registration. Go to your Sporcle Settings to finish the process.

Report this User

Report this user for behavior that violates our Community Guidelines.

Details: